Koncept verejného záujmu, pojem pluralizmu a globalizácia v tradičných médiách
Prehľad extenzívneho výskumu v oblasti teórie a empírie venovaného oblasti konceptu verejného záujmu v médiách, pluralizmu v médiách, globálnemu toku mediálneho obsahu a globalizácie mediálneho prostredia ako takého. Skúsenosti v a zo Spojených štátov amerických a v oblasti tradičných médií – predov...
Saved in:
| Main Author: | |
|---|---|
| Format: | Book Chapter |
| Language: | Slovak |
| Subjects: | |
| Tags: |
No Tags, Be the first to tag this record!
|
MARC
| LEADER | 00000nla a2200000 4500 | ||
|---|---|---|---|
| 001 | 0240884 | ||
| 005 | 20240417075132.2 | ||
| 041 | 0 | |a slo | |
| 044 | |a SK | ||
| 245 | 1 | 0 | |a Koncept verejného záujmu, pojem pluralizmu a globalizácia v tradičných médiách |c Branislav Ondrášik |
| 520 | |a Prehľad extenzívneho výskumu v oblasti teórie a empírie venovaného oblasti konceptu verejného záujmu v médiách, pluralizmu v médiách, globálnemu toku mediálneho obsahu a globalizácie mediálneho prostredia ako takého. Skúsenosti v a zo Spojených štátov amerických a v oblasti tradičných médií – predovšetkým vysielania. Teoretické premisy trhoviska myšlienok a filozofický prístup Johna Stuarta Milla, Johna Miltona a Thomasa Jeffersona. Aspekty štandardu a konceptu verejného záujmu v médiách, analýza Doktríny nestrannosti a globalizácia médií a ich obsahov ako aj koncepty regulácie na národnej a medzinárodnej úrovni. | ||
| 610 | 2 | 0 | |a záujmy verejné |
| 610 | 2 | 0 | |a pluralizmus |
| 610 | 2 | 0 | |a globalizácia |
| 610 | 2 | 0 | |a médiá |
| 610 | 2 | 0 | |a USA |
| 610 | 2 | 0 | |a tlač |
| 610 | 2 | 0 | |a regulácia |
| 100 | 1 | |a Ondrášik, Branislav | |